<?xml version="1.0" encoding="UTF-8"?>
<record
    xmlns:xsi="http://www.w3.org/2001/XMLSchema-instance"
    xsi:schemaLocation="http://www.loc.gov/MARC21/slim http://www.loc.gov/standards/marcxml/schema/MARC21slim.xsd"
    xmlns="http://www.loc.gov/MARC21/slim">

  <leader>02497cam a2200337 i 4500</leader>
  <datafield tag="952" ind1=" " ind2=" ">
    <subfield code="0">0</subfield>
    <subfield code="1">0</subfield>
    <subfield code="2">ddc</subfield>
    <subfield code="4">0</subfield>
    <subfield code="7">0</subfield>
    <subfield code="8">GEN</subfield>
    <subfield code="a">FUSBC</subfield>
    <subfield code="b">FUSBC</subfield>
    <subfield code="d">2018-11-21</subfield>
    <subfield code="l">3</subfield>
    <subfield code="m">7</subfield>
    <subfield code="o">G 230.209 W555w</subfield>
    <subfield code="p">11716</subfield>
    <subfield code="r">2023-11-29 00:00:00</subfield>
    <subfield code="s">2023-09-14</subfield>
    <subfield code="t">Ej. 1</subfield>
    <subfield code="w">2018-11-21</subfield>
    <subfield code="y">BK</subfield>
  </datafield>
  <datafield tag="999" ind1=" " ind2=" ">
    <subfield code="c">64727</subfield>
    <subfield code="d">64727</subfield>
  </datafield>
  <controlfield tag="001">919104280</controlfield>
  <controlfield tag="003">CO-MdFUSB</controlfield>
  <controlfield tag="005">20190202100235.0</controlfield>
  <controlfield tag="008">150824t20162016mnu    g b    000 0 eng d</controlfield>
  <datafield tag="020" ind1=" " ind2=" ">
    <subfield code="a">1451470215</subfield>
    <subfield code="q">(pbk.)</subfield>
  </datafield>
  <datafield tag="020" ind1=" " ind2=" ">
    <subfield code="a">9781451470215</subfield>
    <subfield code="q">(pbk.)</subfield>
  </datafield>
  <datafield tag="020" ind1=" " ind2=" ">
    <subfield code="a">9781506410746</subfield>
  </datafield>
  <datafield tag="020" ind1=" " ind2=" ">
    <subfield code="a">150641074X</subfield>
  </datafield>
  <datafield tag="040" ind1=" " ind2=" ">
    <subfield code="a">YDXCP</subfield>
    <subfield code="b">spa</subfield>
    <subfield code="e">rda</subfield>
    <subfield code="c">CO-MdFUSB</subfield>
    <subfield code="d">CO-MdFUSB</subfield>
    <subfield code="d">BDX</subfield>
    <subfield code="d">OCLCQ</subfield>
    <subfield code="d">CDX</subfield>
    <subfield code="d">ISS</subfield>
    <subfield code="d">MOU</subfield>
    <subfield code="d">OCLCF</subfield>
    <subfield code="d">LNT</subfield>
    <subfield code="d">DTM</subfield>
    <subfield code="d">WIO</subfield>
    <subfield code="d">UtOrBLW</subfield>
  </datafield>
  <datafield tag="041" ind1=" " ind2=" ">
    <subfield code="a">eng</subfield>
  </datafield>
  <datafield tag="082" ind1=" " ind2=" ">
    <subfield code="2">24</subfield>
    <subfield code="a">G 230</subfield>
    <subfield code="b">W555w</subfield>
  </datafield>
  <datafield tag="245" ind1="1" ind2="0">
    <subfield code="a">What is the Bible? </subfield>
    <subfield code="b">: the patristic doctrine of scripture </subfield>
    <subfield code="c">/ Matthew Baker &amp; Mark Mourachian, editores.</subfield>
  </datafield>
  <datafield tag="264" ind1=" " ind2="1">
    <subfield code="a">Minneapolis, Minnesota :</subfield>
    <subfield code="b">Fortress Press, </subfield>
    <subfield code="c">&#x2117;[2016]</subfield>
  </datafield>
  <datafield tag="264" ind1=" " ind2="4">
    <subfield code="c">&#xA9;2016</subfield>
  </datafield>
  <datafield tag="300" ind1=" " ind2=" ">
    <subfield code="a">xx, 200 p&#xE1;ginas ;</subfield>
    <subfield code="c">24 cm.</subfield>
  </datafield>
  <datafield tag="336" ind1=" " ind2=" ">
    <subfield code="2">rdacontent.</subfield>
    <subfield code="a">texto</subfield>
    <subfield code="b">txt</subfield>
  </datafield>
  <datafield tag="337" ind1=" " ind2=" ">
    <subfield code="2">rdamedia.</subfield>
    <subfield code="a">sin mediaci&#xF3;n</subfield>
    <subfield code="b">n</subfield>
  </datafield>
  <datafield tag="338" ind1=" " ind2=" ">
    <subfield code="2">rdacarrier.</subfield>
    <subfield code="a">volumen</subfield>
    <subfield code="b">nc</subfield>
  </datafield>
  <datafield tag="505" ind1="0" ind2="0">
    <subfield code="g">Parte I. Enfoques en el oriente cristiano: -- 1. La metaf&#xED;sica exeg&#xE9;tica de Or&#xED;genes de Alejandr&#xED;a / J. A. McGuckin --
2. Una "doctrina de las escrituras" de la tradici&#xF3;n ortodoxa oriental: una reflexi&#xF3;n sobre el padre del desierto San Sarapi&#xF3;n de Thmuis / Oliver Herbel -- 3. "Se ha vestido en nuestro idioma": la hermen&#xE9;utica encarnacional de San Efr&#xE9;n el sirio / Matthew Baker -- 4. John Chrysostom sobre la naturaleza de la revelaci&#xF3;n y la tarea de la ex&#xE9;gesis / Bradley Nassif -- 5. Barsanuphius, John y Dorotheos sobre las Escrituras: voces del desierto en la Gaza del siglo VI / Alexis Torrance -- 6. La transfiguraci&#xF3;n de Jesucristo como "fen&#xF3;meno saturado" y como clave de la din&#xE1;mica de la revelaci&#xF3;n b&#xED;blica en San M&#xE1;ximo el Confesor / Paul M. Blowers -- 7. La Escritura como misterio divino: la Biblia en la Philokalia / Brock Bingaman -- Parte II. Enfoques modernos inspirados por los padres: -- 
8. La Biblia como Heilsgeschichte: el eje b&#xE1;sico y el alcance de la s&#xED;ntesis neopat&#xED;stica de Georges Florovsky / Nikolaos Asproulis -- 9. El Evangelio seg&#xFA;n San Justin el Nuevo: Justin Popovi&#x107; en la escritura / Vladimir Cvetkovic -- 10. Realidad e interpretaci&#xF3;n b&#xED;blica: La recuperaci&#xF3;n de la hermen&#xE9;utica patr&#xED;stica de T.F. Torrance / John Taylor Carr -- 11. Meramente acad&#xE9;mico: una breve historia de la cr&#xED;tica b&#xED;blica moderna / Michael C. Legaspi.</subfield>
  </datafield>
  <datafield tag="650" ind1=" " ind2="7">
    <subfield code="a">Padres de la Iglesia</subfield>
    <subfield code="9">59</subfield>
  </datafield>
  <datafield tag="650" ind1=" " ind2="0">
    <subfield code="a">Teolog&#xED;a doctrinal</subfield>
    <subfield code="x">Historia</subfield>
    <subfield code="9">159</subfield>
  </datafield>
  <datafield tag="700" ind1="1" ind2=" ">
    <subfield code="a">Baker, Matthew,</subfield>
    <subfield code="e">editor.</subfield>
  </datafield>
  <datafield tag="700" ind1="1" ind2=" ">
    <subfield code="a">Mourachian, Mark,</subfield>
    <subfield code="e">editor.</subfield>
  </datafield>
  <datafield tag="942" ind1=" " ind2=" ">
    <subfield code="c">BK</subfield>
  </datafield>
</record>
